<?xml version="1.0" encoding="UTF-8"?>
<collection xmlns="http://www.loc.gov/MARC21/slim">
 <record>
  <leader>01043cam a2200217 7i4500</leader>
  <controlfield tag="001">0000057667</controlfield>
  <controlfield tag="005">20220701090000.0</controlfield>
  <controlfield tag="007">  Dissertations</controlfield>
  <controlfield tag="008">210329                eng</controlfield>
  <datafield tag="090" ind1="0" ind2="0">
   <subfield code="a">TJ145 </subfield>
   <subfield code="b">NUR 2019</subfield>
  </datafield>
  <datafield tag="100" ind1="1" ind2="1">
   <subfield code="a">Nurfarah, Aqilah Binti Zainal Kamarudin </subfield>
   <subfield code="e">author </subfield>
  </datafield>
  <datafield tag="245" ind1="1" ind2="2">
   <subfield code="a">A Semi-Active Motocycle Winglet Prototype Development for Track Usage  </subfield>
   <subfield code="c">Nurfarah Aqilah Binti Zainal Kamarudin.</subfield>
  </datafield>
  <datafield tag="264" ind1=" " ind2="1">
   <subfield code="a">Nilai: </subfield>
   <subfield code="b">INTI International University, </subfield>
   <subfield code="c">January 2019.</subfield>
  </datafield>
  <datafield tag="300" ind1=" " ind2=" ">
   <subfield code="a">xii, 66 pages: </subfield>
   <subfield code="b">illustrations, Colors; </subfield>
   <subfield code="c">30 cm.</subfield>
  </datafield>
  <datafield tag="336" ind1=" " ind2=" ">
   <subfield code="a">text</subfield>
   <subfield code="2">rdacontent</subfield>
  </datafield>
  <datafield tag="337" ind1=" " ind2=" ">
   <subfield code="a">unmedaited</subfield>
   <subfield code="2">rdamedia</subfield>
  </datafield>
  <datafield tag="338" ind1=" " ind2=" ">
   <subfield code="a">volume</subfield>
   <subfield code="2">rdacarrier</subfield>
  </datafield>
  <datafield tag="500" ind1=" " ind2=" ">
   <subfield code="a">BMEGI 81</subfield>
  </datafield>
  <datafield tag="502" ind1="0" ind2="0">
   <subfield code="a">Dissertation submitted as a partial fulfillment of the requirement for the Bachelor of Science (Hons.) In Quantity Surveying submitted to INTI International University and under the management and supervision of Faculty of Science, Technology, Engineering and Mathematics</subfield>
  </datafield>
  <datafield tag="650" ind1="0" ind2="0">
   <subfield code="a">Dissertations, academic -- </subfield>
   <subfield code="x">Engineeering </subfield>
  </datafield>
  <datafield tag="650" ind1="0" ind2="0">
   <subfield code="a">Engineering -- </subfield>
   <subfield code="x">Mechanical Engineering </subfield>
  </datafield>
 </record>
</collection>
